00577nam a2200205Ia 450000500170000000800410001702000230005804000190008104100120010008200170011210000280012924500640015726000480022130000120026950400190028163000210030065000250032165100140034685000110036020240309092213.0131103s9999 xx 000 0 und d a8176485748cRs 700 aLoreto College aEnglish a371.33 bSID aSiddiqui, Mujibul Hasan aTechnology in Higher Education, cMujibul Hasan Siddiqui aNew DelhibAPH Publishing Corporationc2004 avi,354  aIncludes index aHigher Education aEducation Technology aEducation aLCLIB